00980 a2200169 45000010006000000050017000060080041000230030015000640400040000790800030001192450124001490200018002732640030002913000019003215050447003401000023007873625920260407155638.0260407a1980 arg spa dAR-UNSa-BCEJYS aAR-UNSa-BCEJYSbspacAR-UNSa-BCEJYS a316.45xProcesos Grupales10aToma de decisiones en grupoptécnicas de conducción de juntas para la solución de problemas en las organizaciones a968-24-0803-2 1aMéxico :bTrillasc1980 a243 p.c24 cm. a1. Mejoramiento de las decisiones dentro de una organización - 2. Conducción de conferencia - 3. Ubicación del problema - 4. Presentación del problema para su discusión en grupo - 5. Conducción de la discusión - 6. Obtención de la decisión - 7. Métodos de discusión para objetivos especiíficos - 8. Filtración de soluciones para el mejoramiento de la calidad - 9. Resumen de los pricipios de solución de problemas.1 aMaier, Norman R.F.